Шантаж: французский детектив; Шантаж; Лифт на эшафот; Бег зайца
| Summary: | Исключено из фонда НТБ ТПУ |
|---|---|
| Sprog: | russisk |
| Udgivet: |
Москва, ИнтерДайджест, 1994
|
| TOC: | Ж. Брюс, Шантаж; Н. Калеф, Лифт на эшафот; С. Жапризо, Бег зайца; |
| Serier: | Супер криминальный клуб |
| Fag: | |
| Format: | MixedMaterials Bog |
| KOHA link: | https://koha.lib.tpu.ru/cgi-bin/koha/opac-detail.pl?biblionumber=145670 |
MARC
| LEADER | 00000nam0a2200000 4500 | ||
|---|---|---|---|
| 001 | 145670 | ||
| 005 | 20250902110556.0 | ||
| 010 | |a 5865951092 | ||
| 035 | |a (RuTPU)RU\TPU\book\157903 | ||
| 090 | |a 145670 | ||
| 100 | |a 20081021d1994 m y0rusy50 ca | ||
| 101 | 1 | |a rus |c fre | |
| 102 | |a RU | ||
| 105 | |a a z 000ay | ||
| 200 | 1 | |a Шантаж |e французский детектив | |
| 210 | |a Москва |c ИнтерДайджест |d 1994 | ||
| 215 | |a 348 с. |c ил. | ||
| 225 | 1 | |a Супер криминальный клуб | |
| 333 | |a Исключено из фонда НТБ ТПУ | ||
| 464 | |t Шантаж |o роман |f Ж. Брюс | ||
| 464 | |t Лифт на эшафот |o роман |f Н. Калеф | ||
| 464 | |t Бег зайца |o роман |f С. Жапризо | ||
| 610 | 1 | |a французская литература | |
| 610 | 1 | |a детективы | |
| 675 | |a 84 |v 3 | ||
| 801 | 1 | |a RU |b 63413507 |c 20081021 |g PSBO | |
| 942 | |c BK | ||